00777nam a22002177a 450000500170000001000110001702000100002803500110003803700160004904000120006508200150007724501010009226000460019327000750023930000190031465000360033370000220036994200240039199900190041595201250043420170124110215.0 a824992 c00.00 a824992 bCen Lib/Ret aDPLbEN a483.4bADV aAdvanced twentieth century dictionary :crevised by Abdul Haq benglish into english into urdu / aDelhibEducational publishing housec1976 bDelhia3108, Vakil street, Dr. Mirza Ahmad Ali marg, lal kuan e110006 a88p.c23cm(Hb) aEnglish-UrduvDictionary938979 aAbdul Haq 938980 2ddccENh483.4mADV c133811d133811 001040718REFaLbLd2015-07-28eCen Lib/Retg0.00l0o483.4 ADVp824992r2015-07-28 00:00:00t1v0.00w2015-07-28yEN